MARC details
| 000 -LEADER |
| fixed length control field |
00998cam a2200205 4500 |
| 001 - CONTROL NUMBER |
| control field |
ABS66552 |
| 008 - FIXED-LENGTH DATA ELEMENTS--GENERAL INFORMATION |
| fixed length control field |
030327n2003 000 0 eng u |
| 035 ## - SYSTEM CONTROL NUMBER |
| System control number |
(Sirsi) u121760 |
| 245 ## - TITLE STATEMENT |
| Title |
AJ100 |
| 260 ## - PUBLICATION, DISTRIBUTION, ETC. |
| Date of publication, distribution, etc. |
2003 |
| 490 ## - SERIES STATEMENT |
| Series statement |
Architects' Journal |
| Volume/sequential designation |
217(11) 20 March 2003, 37-71(20) |
| 520 ## - SUMMARY, ETC. |
| Summary, etc. |
Survey of the top 100 UK architectural practices ranked by number of qualified architects. Includes league tables by architectural fee income, total UK fee income, number of qualified architects by region and number of qualified architects globally. The survey also covers the most admired living architects, favourite buildings and perceptions of the future of the profession. Recent additions to the rankings include fee income generated from PFI projects by size and percentage. |
| 590 ## - LOCAL NOTE (RLIN) |
| Local note |
ABS |
| 650 ## - SUBJECT ADDED ENTRY--TOPICAL TERM |
| Topical term or geographic name entry element |
RANKINGS |
| 650 ## - SUBJECT ADDED ENTRY--TOPICAL TERM |
| Topical term or geographic name entry element |
ARCHITECTS |
| 650 ## - SUBJECT ADDED ENTRY--TOPICAL TERM |
| Topical term or geographic name entry element |
FEE INCOME |
| 650 ## - SUBJECT ADDED ENTRY--TOPICAL TERM |
| Topical term or geographic name entry element |
ARCHITECTURAL PRACTICES |
| 690 ## - LOCAL SUBJECT ADDED ENTRY--TOPICAL TERM (OCLC, RLIN) |
| Topical term or geographic name as entry element |
MANAGEMENT-BUSINESS MANAGEMENT-PROFESSIONAL PRACTICE |
| 942 ## - ADDED ENTRY ELEMENTS (KOHA) |
| Suppress in OPAC |
0 |